1933 1062 1973 1818 1012 1569 1347 1808 1151 1310 1345 1509 1306 1641 1611 1376 1059 1986 1071 1738 1941 1266 1640 1903 1131 1856 1924 1044 1580 1288 1636 1735 1102 1726 1522 1257 1771 1751 1596 1201 1866 1204 1422 1017 1933 1192 1971 1263 1647 1246 1454 1631 1026 1635 1035 1349 1894 1689 1802 1317 1012 1302 1437 1054 1555 1252 1805 1233 1266 1453 1704 1201 1356 1913 1596 1891 1739 1590 1758 1259 1947 1322 1395 1581 1424 1962 1837 1725 1052 1349 1866 1256 1432 1780 1491 1503 1550 1188 1381 BCNSPRNW ULIB Ver.6.0+V

เปลี่ยนเป็นภาษาไทย

Change to English
 แสดงรายละเอียดบรรณานุกรม
  กลับหน้าหลัก

Brief Record : Get Marc (ISO 2709) : E-mail record : QR code < ปิดหน้าต่าง
LEADER : 00000nam 2200000uu 4500
001    13399122598
003     ULIB
008    980223s2533 th m 000 0 tha d
020    ^a9745868604
099    ^aวพ.WP145^bส947ผ
100 0  ^aแสงอรุณ สุขเกษม
245 10 ^aผลของการพยาบาลระบบสนับสนุนและให้ความรู้ต่อคุณภาพชีวิตในผู้ป่วยมะเร็งปากมดลูกที่ได้รับรังสีวิทยารักษา =^bThe effect of supportive-education nursing system on the quality of life in cervical cencer patients receiving radiotherapy /^cแสงอรุณ สุขเกษม
246 31 ^aEffect of supportive-educative nursing system on the quality of life in cervical cencer patients receiving radiotherapy
260    ^a^c2533
300    ^aก-ซ, 89 แผ่น ;^c30 ซม.
500    ^aSend to Single Search
502    ^aวิทยานิพนธ์ (วท.ม. (พยาบาลศาสตร์))--มหาวิทยาลัยมหิดล, 2533
610 24 ^aมหาวิทยาลัยมหิดล^xวิทยานิพนธ์
610 24 ^aมหาวิทยาลัยมหิดล. ^bคณะแพทยศาสตร์โรงพยาบาลรามาธิบดี^xวิทยานิพนธ์
650  4 ^aการพยาบาล
650  4 ^aคอมดลูก, เนื้องอก^xการพยาบาล
650  4 ^aคอมดลูก, เนื้องอก^xการรักษาด้วยรังสี
650  4 ^aคุณภาพชีวิต
650  4 ^aทฤษฎีการพยาบาล
650  4 ^aมะเร็งปากมดลูก
691    ^aวท.ม. (2533)
692    ^aพยาบาลศาสตร์ (มหาวิทยาลัยมหิดล 2533)
700 0  ^aสมจิต หนุเจริญกุล,^eที่ปรึกษา
700 0  ^aพวงทอง ไกรพิบูลย์,^eที่ปรึกษา
710 2  ^aมหาวิทยาลัยมหิดล
710 2  ^aมหาวิทยาลัยมหิดล. ^bคณะแพทยศาสตร์โรงพยาบาลรามาธิบดี
710 22 ^aมหาวิทยาลัยมหิดล.^tวิทยานิพนธ์
710 22 ^aMahidol University.^tThesis
945    ^p0^l0^i011219
999    ^aเกษร โพธิ์สุวรรณ
รายการนี้ยังไม่มีแท็ก
คุณยังไม่ได้ล็อกอิน คุณสามารถมีกิจกรรมร่วมกับเว็บไซต์ได้ แต่ต้องล็อกอินก่อน ::
  ล็อกอิน

รายการสื่อสารสนเทศ

ลำดับที่ ประเภท เลขเรียก/บาร์โค้ด สถานที่ สถานะ
1. วิทยานิพนธ์
วิทยานิพนธ์
วพ.WP145 ส947ผ  
  Barcode: 011219
ห้องสมุดวิทยาเขตสวรรค์ประชารักษ์
► วิทยานิพนธ์
บนชั้น

รายการใกล้เคียง
    หัวเรื่อง [การพยาบาล]
    หัวเรื่อง [คุณภาพชีวิต]
    หัวเรื่อง [ทฤษฎีการพยาบาล]
    หัวเรื่อง [มะเร็งปากมดลูก]

BibComment


ยังไม่เคยถูกคอมเมนท์

คอมเมนท์ทรัพยากรรายการนี้
  คอมเมนท์: ผลของการพยาบาลระ..


 Copyright 2026. Bcnsprnw @Library